| 000 | 01311cam a2200361 a 4500 | ||
|---|---|---|---|
| 001 | 17053704 | ||
| 003 | EG-ScBUE | ||
| 005 | 20221108051109.0 | ||
| 008 | 111118t2013 paua f b 001 0 eng d | ||
| 020 | _a9781608315758 | ||
| 020 | _a1608315754 | ||
| 035 | _a(DNLM)101573226 | ||
| 040 |
_aDNLM/DLC _beng _erda _cDLC _dDLC _dEG-ScBUE |
||
| 082 | 0 | 4 |
_a615.1 _222 _bACO |
| 100 | 1 |
_aAcosta, W. Renée, _eauthor. |
|
| 245 | 1 | 0 |
_aPharmacology for health professionals / _cW. Renée Acosta, RPH, MS, College of Pharmacy, University of Texas at Austin. |
| 250 | _aSecond edition. | ||
| 264 | 1 |
_aPhiladelphia : _bWolters Kluwer / Lippincott Williams & Wilkins, _c[2013] |
|
| 264 | 4 | _cc2013 | |
| 300 |
_axv, 581 pages : _bcolor illustrations ; _c28 cm |
||
| 336 |
_2rdacontent _atext _btxt |
||
| 337 |
_2rdamedia _aunmediated _bn |
||
| 338 |
_2rdacarrier _avolume _bnc |
||
| 500 | _aRev. ed. of: Pharmacology for health professionals / Sally Roach. 1st ed. c2005. | ||
| 504 | _aIncludes bibliographical references and index. | ||
| 650 | 7 |
_aPharmaceutical Preparations. _2BUEsh |
|
| 650 | 7 |
_aPharmacology. _2BUEsh |
|
| 653 |
_bPPhrm _cNovember2022 |
||
| 655 |
_vReading book _934232 |
||
| 906 |
_a7 _bcbc _corignew _d1 _eecip _f20 _gy-gencatlg |
||
| 942 |
_2ddc _cBB |
||
| 999 |
_c29951 _d29922 |
||